The rooms we make our own /

Uloženo v:
Podrobná bibliografie
Hlavní autor: Mirosevich, Toni
Médium: Kniha
Jazyk:angličtina
Vydáno: Ithaca : Firebrand Books, 1996
Tagy: Přidat tag
Žádné tagy, Buďte první, kdo vytvoří štítek k tomuto záznamu!

MARC

LEADER 00000nam a22000007i 4500
001 IT\ICCU\UBO\4879648
003 ItRI
005 20260115231835.0
008 250520s1996 xxu|||||| ||||| |||||c
020 |a 156341080X 
040 |b ita  |c importazione bologna sebina 
041 7 |a eng  |2 ISO-639-2 
100 1 |a Mirosevich, Toni  |0 IT\ICCU\UBOV\157368 
240 1 4 |a The rooms we make our own  |3 IT\ICCU\UBO\4879653  |9 Mirosevich, Toni 
245 1 4 |a The rooms we make our own /  |c Toni Mirosevich. 
260 |a Ithaca :  |b Firebrand Books,  |c 1996 
300 |a 107 p. ;  |c 22 cm 
942 |2 ddc  |c BK  |n 0 
952 |0 0  |1 0  |4 0  |6 L_818_540000000000000_MIR  |7 0  |9 13958  |a BO  |b BO  |d 2026-01-15  |i 18206  |l 0  |o L 818.54 MIR  |p BO18206  |r 2026-01-15 23:18:35  |w 2026-01-15  |x [Sebina 5] [1 v.]  |y BK  |z 1 v. 
999 |c 12018  |d 12018